Minor Disney Princesses Movie Characters - Statistics

General Stats
  • This quiz has been taken 292 times
  • The average score is 11 of 16
Answer Stats
Hint Answer % Correct
Elsa and Anna's snowman Olaf
89%
Mulan's dragon Mushu
87%
Kristoff's Reindeer Sven
86%
Cinderella's mean stepsisters 1 Anastasia
80%
Rapunzel's chameleon Pascal
80%
2 Drizella
77%
Belle's father Maurice
74%
Aurora's fairy godmothers 1 Flora
67%
Pocahontas's raccoon Meeko
67%
2 Fauna
65%
Ariel's bird friend Scuttle
64%
Jasmine's tiger Rajah
63%
Moana's rooster Hei Hei
62%
3 Merryweather
59%
Merida's mom Queen Elinor
28%
Tiana's friend Charlotte LaBouff
20%
No matching quizzes found
Score Distribution
Percent of People with Each Score
Percentile by Number Answered
Your Score History
You have not taken this quiz